Legalizing the Revolution (Record no. 1715270)

MARC details
000 -LEADER
fixed length control field 00530nam a22001937a 4500
005 - DATE AND TIME OF LATEST TRANSACTION
control field 20260312155819.0
008 - FIXED-LENGTH DATA ELEMENTS--GENERAL INFORMATION
fixed length control field 260312b |||||||| |||| 00| 0 eng d
020 ## - INTERNATIONAL STANDARD BOOK NUMBER
International Standard Book Number 9781009525244
040 ## - CATALOGING SOURCE
Transcribing agency FLL
041 ## - LANGUAGE CODE
Source of code Eng
Language code of text/sound track or separate title Eng
084 ## - COLON CLASSIFICATION NUMBER
Classification number V2:2:(Z) R4
100 ## - MAIN ENTRY--PERSONAL NAME
Personal name Dasgupta Sandipto
245 ## - TITLE STATEMENT
Title Legalizing the Revolution
Remainder of title India and the Constitution of the Postcolony
250 ## - EDITION STATEMENT
Edition statement 1st
260 ## - PUBLICATION, DISTRIBUTION, ETC.
Place of publication, distribution, etc. India
Name of publisher, distributor, etc. Cambridge University Press
Date of publication, distribution, etc. 2024
300 ## - PHYSICAL DESCRIPTION
Extent xvii,490p.
650 ## - SUBJECT ADDED ENTRY--TOPICAL TERM
Topical term or geographic name entry element Constitution
942 ## - ADDED ENTRY ELEMENTS (KOHA)
Source of classification or shelving scheme Colon Classification (CC)
Koha item type Textbook
100 ## - MAIN ENTRY--PERSONAL NAME
-- 1131891
999 ## -
-- 1715270
-- 1715270
Holdings
Withdrawn status Lost status Source of classification or shelving scheme Damaged status Not for loan Home library Current library Date acquired Source of acquisition Cost, normal purchase price Inventory number Total checkouts Full call number Barcode Date last seen Copy number Price effective from Koha item type
    Colon Classification (CC)     Faculty of Law Library Faculty of Law Library 2025-12-29 Satyam Books Pvt Ltd. 1295.00 1262-22/12/25   V2:2:(Z) LL1943080 2026-03-12 1 2026-03-12 Textbook
    Colon Classification (CC)     Faculty of Law Library Faculty of Law Library 2025-12-29 Satyam Books Pvt Ltd. 1295.00 1262-22/12/25   V2:2:(Z) LL1943081 2026-03-12 2   Textbook
Copyright @ Delhi University Library System